Fr. Conceicao Rodrigues College of Engineering

Virtual Draw (Record no. 19637)

MARC details
000 -LEADER
fixed length control field 00295nam a2200133Ia 4500
082 ## - DEWEY DECIMAL CLASSIFICATION NUMBER
Classification number 5.43
100 ## - MAIN ENTRY--PERSONAL NAME
Personal name User Manual
245 ## - TITLE STATEMENT
Title Virtual Draw
260 ## - PUBLICATION, DISTRIBUTION, ETC.
Name of publisher, distributor, etc. Geometric Software Services Co Ltd.
Place of publication, distribution, etc. India
Date of publication, distribution, etc. 1994
546 ## - LANGUAGE NOTE
Language note ENGLISH
654 ## - SUBJECT ADDED ENTRY--FACETED TOPICAL TERMS
Focus term Virtual Draw
942 ## - ADDED ENTRY ELEMENTS (KOHA)
Koha item type BOOK
Holdings
Withdrawn status Lost status Damaged status Not for loan Collection Home library Current library Date acquired Total Checkouts Full call number Barcode Date last seen Price effective from Koha item type
        PT Fr. Agnel's C.Rodrigues College of Engineering Fr. Agnel's C.Rodrigues College of Engineering 17/03/2023   5.43 PT239 17/03/2023 17/03/2023 BOOK
        PT Fr. Agnel's C.Rodrigues College of Engineering Fr. Agnel's C.Rodrigues College of Engineering 17/03/2023   5.43 PT240 17/03/2023 17/03/2023 BOOK
        PT Fr. Agnel's C.Rodrigues College of Engineering Fr. Agnel's C.Rodrigues College of Engineering 17/03/2023   5.43 PT241 17/03/2023 17/03/2023 BOOK
        PT Fr. Agnel's C.Rodrigues College of Engineering Fr. Agnel's C.Rodrigues College of Engineering 17/03/2023   5.43 PT242 17/03/2023 17/03/2023 BOOK